Expert witnesses in the dock (Record no. 68017)

MARC details
000 -LEADER
fixed length control field 01176cam a2200253 4500
001 - CONTROL NUMBER
control field ABS64364
008 - FIXED-LENGTH DATA ELEMENTS--GENERAL INFORMATION
fixed length control field 010816n2001 000 0 eng u
035 ## - SYSTEM CONTROL NUMBER
System control number (Sirsi) u114168
100 ## - MAIN ENTRY--PERSONAL NAME
Personal name Ross, J
245 ## - TITLE STATEMENT
Title Expert witnesses in the dock
260 ## - PUBLICATION, DISTRIBUTION, ETC.
Date of publication, distribution, etc. 2001
490 ## - SERIES STATEMENT
Series statement Property Week
Volume/sequential designation 66(30) 27 July 2001, 78-79(2)
520 ## - SUMMARY, ETC.
Summary, etc. Discusses the role of expert witnesses in the increasing number of negligence claims and that they should not consider themselves immune to claims themselves. Article illustrates the extent of an expert witness's liability looking at different issues and illustrating them with references to case law. Concludes that expert witnesses should ensure clients understand that their opinions may not be final and that they do not guarantee the successful pursuit of expensive litigation.
590 ## - LOCAL NOTE (RLIN)
Local note ABS
650 ## - SUBJECT ADDED ENTRY--TOPICAL TERM
Topical term or geographic name entry element EXPERT WITNESSES
650 ## - SUBJECT ADDED ENTRY--TOPICAL TERM
Topical term or geographic name entry element NEGLIGENCE
650 ## - SUBJECT ADDED ENTRY--TOPICAL TERM
Topical term or geographic name entry element LIABILITY
650 ## - SUBJECT ADDED ENTRY--TOPICAL TERM
Topical term or geographic name entry element COURT PROCEEDINGS
650 ## - SUBJECT ADDED ENTRY--TOPICAL TERM
Topical term or geographic name entry element NEGLIGENCE CLAIMS
690 ## - LOCAL SUBJECT ADDED ENTRY--TOPICAL TERM (OCLC, RLIN)
Topical term or geographic name as entry element MANAGEMENT-DISPUTE AVOIDANCE, MANAGEMENT AND RESOLUTION-DISPUTE MANAGEMENT AND RESOLUTION-EXPERT WITNESSES
700 ## - ADDED ENTRY--PERSONAL NAME
Personal name Sapte, D
700 ## - ADDED ENTRY--PERSONAL NAME
Personal name Harry, T
942 ## - ADDED ENTRY ELEMENTS (KOHA)
Suppress in OPAC 0
Holdings
Withdrawn status Lost status Source of classification or shelving scheme Damaged status Not for loan Home library Current library Shelving location Date acquired Total Checkouts Full call number Barcode Date last seen Copy number Price effective from Koha item type
    Dewey Decimal Classification     London London Journal article 16/08/2001   ABS64364 114168-1001 06/08/2019 1 06/08/2019 Journal article